| LEADER 00000nam 2200000uu 4500 |
| 008 110801s2553||||th 000 0 tha d |
| 060 0 วจ LC 315.T5 ศ444ฝ 2553.
|
| 100 0 ^aศิราณี อิ่มน้ำขาว...[และคนอื่นๆ].
|
| 245 00 ^aผลการบูรณาการจิตตปัญญาศึกษาในรายวิชาปฏิบัติการพยาบาลบุคคลที่มีปัญหาสุขภาพ3 : กรณีศึกษาหอผู้ป่วยหนักโรงพยาบาลยโสธร./^bศิราณี อิ่มน้ำขาว...[และคนอื่นๆ].
|
| 260 ^aมหาสารคาม : ^bวิทยาลัยพยาบาลศรีมหาสารคาม,^c2553.
|
| 300 ^aจำนวน 79 หน้า ;^bภาพประกอบ.
|
| 650 0 ^aจิตตปัญญาศึกษา.
|
| 650 0 ^aการบูรณาการ - - ^xวิจัย.
|
| 650 0 ^aวิชาปฏิบัติการพยาบาลบุคคลที่มีปัญหาสุขภาพ3
|
| 700 0 ^aศิราณี อิ่มน้ำขาว.
|
| 710 1 ^aสถาบันพระบรมราชชนก. วิทยาลัยพยาบาลศรีมหาสารคาม.
|
| 999 ^aใช้งานได้ทุกระบบ
|